| 000 | 00554nam a2200181 i 4500 | ||
|---|---|---|---|
| 001 | 27712 | ||
| 003 | ES-MaACL | ||
| 005 | 20250626211304.0 | ||
| 007 | t| | ||
| 008 | 190422q1850 xxk ||||1| eng d | ||
| 245 | 0 | 0 | _aThirteenth annual report of the Glasgow Night Asylum for the houselens. |
| 260 |
_aGlasgow : _b[s.n.], _c1850 ( _fRobert Munsie) |
||
| 300 |
_a24 p. ; _c22 cm. |
||
| 650 | 4 |
_aPersonas sin techo- _xServicios sociales- _zGlasgow. _9166842 |
|
| 852 |
_aES-MaACL _jT-1285-F-7 _z.- Donat. Bosch |
||
| 942 | _2udc | ||
| 999 |
_c27712 _d27712 |
||